Normal view
MARC view
Entry Personal Name
001 - CONTROL NUMBER
- control field: 329
003 - CONTROL NUMBER IDENTIFIER
- control field: BD-RjUL
005 - DATE AND TIME OF LATEST TRANSACTION
- control field: 20211222164447.0
008 - FIXED-LENGTH DATA ELEMENTS
- fixed length control field: 211222|| aca||aabn | a|a d
040 ## - CATALOGING SOURCE
- Original cataloging agency: BD-RjUL
- Transcribing agency: BD-RjUL
100 ## - HEADING--PERSONAL NAME
- Personal name: মুনির, সিরাজুল ইসলাম
670 ## - SOURCE DATA FOUND
- Source citation: Work cat.: (BD-RjUL)79053: মুনির, সিরাজুল ইসলাম , রক্ত দিয়ে নাম লিখেছি , ২০২১